[Event "Mittelfränkischer Schachkongress 2016"]
[Site "Nürnberg"]
[Date "2016.03.22"]
[Round "1.1"]
[White "Tong, Kevin"]
[Black "Miller, Eduard"]
[Result "0-1"]
[WhiteElo "2007"]
[BlackElo "2259"]
[PlyCount "52"]
[EventDate "2016.??.??"]
[WhiteTeam "SC Erlangen"]
[BlackTeam "SC Erlangen"]

1. e4 c6 2. d4 d5 3. Nc3 dxe4 4. Nxe4 Nf6 5. Ng3 h5 6. Bc4 h4 7. N3e2 h3 8.
gxh3 Nbd7 9. Bf4 Nb6 10. Bb3 Bf5 11. Nc3 e6 12. a3 Nbd5 13. Nxd5 Nxd5 14. Bg3
Be4 15. f3 Bf5 16. Qd2 g6 17. Ne2 Bxh3 18. Rg1 Bh6 19. f4 Bg4 20. Rf1 Qb6 21.
O-O-O O-O-O 22. Bxd5 Rxd5 23. c3 Qb3 24. Kb1 Ra5 25. Nc1 Bf5+ 26. Ka1 Rxa3+ 0-1

[Event "Mittelfränkischer Schachkongress 2016"]
[Site "Nürnberg"]
[Date "2016.03.22"]
[Round "1.2"]
[White "Reis, Gerhard"]
[Black "Link, Andreas"]
[Result "1-0"]
[WhiteElo "2220"]
[BlackElo "1972"]
[PlyCount "63"]
[EventDate "2016.??.??"]
[WhiteTeam "SW Nürnberg Süd"]
[BlackTeam "Zabo-Eintracht Nürnberg"]

1. Nf3 d5 2. d4 Nf6 3. c4 dxc4 4. e3 g6 5. Bxc4 Bg7 6. Nc3 O-O 7. O-O c5 8. d5
a6 9. a4 Qc7 10. e4 Nbd7 11. h3 Ne8 12. Qe2 Nd6 13. Bf4 f6 14. e5 fxe5 15. Bg3
Rxf3 16. gxf3 Kh8 17. Ne4 Nb6 18. Ba2 Bxh3 19. Rfe1 h6 20. Rac1 Nxe4 21. Qxe4
Rf8 22. Bxe5 Bxe5 23. Qxe5+ Qxe5 24. Rxe5 Nxa4 25. Rxe7 b6 26. b3 Nb2 27. Bb1
Rxf3 28. d6 Nd3 29. Rd1 c4 30. Bxd3 cxd3 31. d7 Bxd7 32. Rxd7 1-0

[Event "Mittelfränkischer Schachkongress 2016"]
[Site "Nürnberg"]
[Date "2016.03.22"]
[Round "1.3"]
[White "Brenner, Christian"]
[Black "Walter, Florian"]
[Result "0-1"]
[WhiteElo "2037"]
[BlackElo "2160"]
[PlyCount "88"]
[EventDate "2016.??.??"]
[WhiteTeam "Zabo-Eintracht Nürnberg"]
[BlackTeam "SC Noris-Tarrasch Nürnberg"]

1. d4 d5 2. Nf3 Nf6 3. c4 c6 4. g3 e6 5. Bg2 Nbd7 6. O-O Bd6 7. b3 O-O 8. Ba3
Bxa3 9. Nxa3 Qa5 10. Nc2 dxc4 11. bxc4 e5 12. e3 Rd8 13. h3 Ne4 14. Qe2 f5 15.
a3 c5 16. d5 Qa4 17. Rfc1 b6 18. Nce1 Ba6 19. Bf1 h6 20. Qb2 Re8 21. Nd3 Ng5
22. Nxg5 hxg5 23. Ne1 e4 24. Qe2 Ne5 25. Qa2 Rad8 26. Rab1 Kh7 27. Rb2 Rd6 28.
Rbc2 Rf6 29. Rc3 g4 30. hxg4 Nxg4 31. Be2 Ne5 32. f4 Nf7 33. Ng2 Rh6 34. Nh4
Bc8 35. Bd1 Qa5 36. Qc2 Bd7 37. Qf2 Rg8 38. Kf1 Nd6 39. Qb2 Ba4 40. Bxa4 Qxa4
41. Qc2 Qe8 42. Kf2 g5 43. fxg5 Rxg5 44. Rg1 Qe5 0-1

[Event "Mittelfränkischer Schachkongress 2016"]
[Site "Nürnberg"]
[Date "2016.03.22"]
[Round "1.4"]
[White "Heimrath, Reiner"]
[Black "Böhme, Markus"]
[Result "0-1"]
[WhiteElo "2156"]
[BlackElo "1937"]
[PlyCount "116"]
[EventDate "2016.??.??"]
[WhiteTeam "SC Noris-Tarrasch Nürnberg"]
[BlackTeam "SC Uttenreuth"]

1. Nf3 c5 2. g3 Nc6 3. d4 cxd4 4. Nxd4 Nf6 5. Bg2 e5 6. Nxc6 dxc6 7. Qxd8+ Kxd8
8. Nd2 Nd7 9. O-O f6 10. b3 Nc5 11. Bb2 Kc7 12. Nc4 Be6 13. Ne3 Rd8 14. Rfd1
Be7 15. h4 Rxd1+ 16. Rxd1 Rd8 17. Rxd8 Bxd8 18. Kh2 Kd7 19. Bh3 Bxh3 20. Kxh3
Ke6 21. g4 g6 22. f3 b5 23. Ng2 a5 24. Ba3 Be7 25. Ne1 Na6 26. Bxe7 Kxe7 27.
Nd3 Kd6 28. c3 Nc7 29. e4 Ne6 30. Kg3 Nc5 31. Nxc5 Kxc5 32. f4 Kd6 33. g5 Ke6
34. Kf3 f5 35. c4 bxc4 36. bxc4 fxe4+ 37. Kxe4 exf4 38. Kxf4 Kd6 39. Ke4 Kc5
40. Kd3 Kb4 41. Kd4 c5+ 42. Kd5 a4 43. Ke6 Kxc4 44. Kf7 Kd4 45. Kg7 c4 46. Kxh7
c3 47. h5 c2 48. Kxg6 c1=Q 49. h6 Qc6+ 50. Kg7 Qd7+ 51. Kg6 Ke5 52. h7 Qf5+ 53.
Kh6 Qf8+ 54. Kg6 Qh8 55. a3 Ke6 56. Kh6 Kf7 57. g6+ Kf6 58. Kh5 Qg7 0-1

[Event "Mittelfränkischer Schachkongress 2016"]
[Site "Nürnberg"]
[Date "2016.03.22"]
[Round "1.5"]
[White "Vogiatzis, Dimitrios"]
[Black "Hirn, Oskar"]
[Result "1/2-1/2"]
[WhiteElo "2080"]
[BlackElo "2209"]
[PlyCount "25"]
[EventDate "2016.??.??"]
[WhiteTeam "SC Noris-Tarrasch Nürnberg"]
[BlackTeam "SC Noris-Tarrasch Nürnberg"]

1. e4 e5 2. Bc4 d6 3. d4 Nc6 4. c3 Nf6 5. Qb3 Qe7 6. Nf3 exd4 7. cxd4 d5 8.
Bxd5 Nxd5 9. Qxd5 Be6 10. Qb5 O-O-O 11. Be3 Qb4+ 12. Nc3 Qxb5 13. Nxb5 1/2-1/2

[Event "Mittelfränkischer Schachkongress 2016"]
[Site "Nürnberg"]
[Date "2016.03.22"]
[Round "1.6"]
[White "Wagner, Florian"]
[Black "Leis, Stefan"]
[Result "1-0"]
[WhiteElo "2137"]
[BlackElo "1970"]
[PlyCount "39"]
[EventDate "2016.??.??"]
[WhiteTeam "SC Noris-Tarrasch Nürnberg"]
[BlackTeam "SC Mühlhof-Reichelsdorf"]

1. e4 e6 2. d4 d5 3. Nd2 Nf6 4. e5 Nfd7 5. Bd3 c5 6. c3 Nc6 7. Ngf3 h6 8. O-O
g5 9. h3 h5 10. g4 hxg4 11. hxg4 f5 12. Re1 Qe7 13. Nf1 f4 14. b4 Qg7 15. bxc5
Qh6 16. N1h2 Bxc5 17. dxc5 Ndxe5 18. Kf1 Nd7 19. Bb5 Nxc5 20. Qxd5 1-0

[Event "Mittelfränkischer Schachkongress 2016"]
[Site "Nürnberg"]
[Date "2016.03.22"]
[Round "1.7"]
[White "Hannweber, Markus"]
[Black "Walter, Thomas"]
[Result "0-1"]
[WhiteElo "2029"]
[BlackElo "2122"]
[PlyCount "66"]
[EventDate "2016.??.??"]
[WhiteTeam "SK Nürnberg"]
[BlackTeam "SC Erlangen"]

1. e4 c5 2. Nf3 g6 3. d4 cxd4 4. Nxd4 Nf6 5. Nc3 Nc6 6. Be2 Bg7 7. Be3 O-O 8.
O-O d5 9. exd5 Nxd5 10. Nxd5 Qxd5 11. Bf3 Qc4 12. Nxc6 bxc6 13. c3 Bf5 14. Qc1
Rfd8 15. Rd1 a5 16. Rxd8+ Rxd8 17. Bb6 Ra8 18. Qe3 Qb5 19. b3 a4 20. Be2 Qe5
21. Qxe5 Bxe5 22. Rc1 axb3 23. axb3 Rb8 24. Bc5 Rxb3 25. g4 Be4 26. f3 Bd5 27.
Bxe7 Bxc3 28. Bd1 Bd4+ 29. Kf1 Rb2 30. Be2 f6 31. h3 Bxf3 32. Bxf3 Rf2+ 33. Ke1
Rxf3 0-1

[Event "Mittelfränkischer Schachkongress 2016"]
[Site "Nürnberg"]
[Date "2016.03.22"]
[Round "1.8"]
[White "Seibold, Hubert"]
[Black "Rausch, Wolfgang sr"]
[Result "1-0"]
[WhiteElo "2165"]
[BlackElo "1862"]
[PlyCount "63"]
[EventDate "2016.??.??"]
[WhiteTeam "SK Zirndorf"]
[BlackTeam "SW Nürnberg Süd"]

1. c4 c6 2. Nf3 d5 3. d4 Nf6 4. Bf4 e6 5. e3 Be7 6. Nc3 O-O 7. Qc2 Nbd7 8. h3
Re8 9. Bd3 h6 10. g4 dxc4 11. Bxc4 Nd5 12. Bg3 Nf8 13. e4 Nb4 14. Qe2 Bd6 15.
e5 Be7 16. h4 c5 17. O-O-O cxd4 18. Nxd4 Qc7 19. Kb1 a6 20. Ne4 Rd8 21. g5 h5
22. a3 Nc6 23. Nxc6 Qxc6 24. Nf6+ Bxf6 25. gxf6 Bd7 26. fxg7 Kxg7 27. Bf4 Be8
28. Bg5 Rxd1+ 29. Rxd1 Rc8 30. Bf6+ Kg8 31. Rg1+ Ng6 32. Qxh5 1-0

[Event "Mittelfränkischer Schachkongress 2016"]
[Site "Nürnberg"]
[Date "2016.03.22"]
[Round "1.9"]
[White "Böhme, Sebastian"]
[Black "Fuchs, Gerhard"]
[Result "1/2-1/2"]
[WhiteElo "1766"]
[BlackElo "1997"]
[PlyCount "101"]
[EventDate "2016.??.??"]
[WhiteTeam "SC Uttenreuth"]
[BlackTeam "SK Nürnberg"]

1. e4 e6 2. d4 d5 3. exd5 exd5 4. Bd3 Bd6 5. Ne2 Ne7 6. O-O O-O 7. Bf4 Bg4 8.
f3 Bf5 9. c3 c5 10. Bxd6 Qxd6 11. Ng3 Bxd3 12. Qxd3 c4 13. Qc2 Nbc6 14. Nd2 b5
15. b4 a5 16. a3 Qh6 17. Rfe1 axb4 18. axb4 Rxa1 19. Rxa1 Qe3+ 20. Kf1 f5 21.
Re1 Qh6 22. Kg1 f4 23. Nh1 Nf5 24. Nf1 Nd6 25. Nf2 Qg5 26. Re6 Rf6 27. Qe2 Kf7
28. Rxf6+ Qxf6 29. Ng4 Qe6 30. Qxe6+ Kxe6 31. g3 g5 32. Kg2 Nc8 33. Nd2 Nb6 34.
Nf2 Na4 35. Nd1 h5 36. gxf4 gxf4 37. Nb1 Kf5 38. Na3 Na7 39. Kf1 Kg5 40. Kg2
Nb6 41. Nf2 Nd7 42. Nh3+ Kf5 43. Nf2 Nf8 44. Nd1 Ng6 45. Kf2 Kg5 46. Nc2 Nc8
47. Na3 Nd6 48. Kg2 Nh4+ 49. Kf2 Nhf5 50. Nc2 Nh4 51. Na3 1/2-1/2

[Event "Mittelfränkischer Schachkongress 2016"]
[Site "Nürnberg"]
[Date "2016.03.22"]
[Round "1.10"]
[White "Bildt, Maximilian"]
[Black "Schlötterer, Hermann"]
[Result "1-0"]
[WhiteElo "1997"]
[BlackElo "1861"]
[PlyCount "63"]
[EventDate "2016.??.??"]
[WhiteTeam "SK Zirndorf"]
[BlackTeam "Zabo-Eintracht Nürnberg"]

1. e4 d5 2. exd5 Qxd5 3. Nc3 Qd6 4. d4 Nf6 5. Nge2 a6 6. Bf4 Qb6 7. Qd2 Bf5 8.
O-O-O e6 9. d5 Be7 10. Nd4 O-O 11. dxe6 Bg6 12. Qe3 Bc5 13. Na4 Bxd4 14. exf7+
Bxf7 15. Qxd4 Qe6 16. Nc3 Nc6 17. Qe3 Qf5 18. Bd3 Qa5 19. a3 Rfe8 20. Qh3 Rad8
21. g4 Ne5 22. Bxe5 Qxe5 23. Rhg1 Qf4+ 24. Kb1 Rd6 25. g5 Be6 26. Qg2 Nd5 27.
Ne4 Rb6 28. Qg3 Qf8 29. Kc1 Nf4 30. Nf6+ Kh8 31. Qxf4 gxf6 32. g6 1-0

[Event "Mittelfränkischer Schachkongress 2016"]
[Site "Nürnberg"]
[Date "2016.03.22"]
[Round "1.11"]
[White "Balhar, Michael"]
[Black "Wittmann, Helmut"]
[Result "0-1"]
[WhiteElo "1795"]
[BlackElo "2079"]
[PlyCount "60"]
[EventDate "2016.??.??"]
[WhiteTeam "SC Erlangen"]
[BlackTeam "BSG Wöhrlhaus"]

1. e4 g6 2. d4 Bg7 3. f4 c5 4. c3 d5 5. e5 Qb6 6. dxc5 Qxc5 7. Qd4 Qxd4 8. cxd4
Nc6 9. Be3 Nh6 10. Bb5 O-O 11. Ne2 Nb4 12. Kd2 Ng4 13. Bg1 Bf5 14. Nbc3 a6 15.
Ba4 Nd3 16. Nxd5 Be4 17. Ne3 Nxe3 18. Bxe3 Nxb2 19. Bb3 Rac8 20. Rhg1 b5 21.
Nc3 Bb7 22. Nd5 Bxd5 23. Bxd5 Nc4+ 24. Kd3 e6 25. Bb7 Rb8 26. Be4 Rfd8 27. Rab1
f6 28. a4 fxe5 29. fxe5 Bxe5 30. Bg5 Rxd4+ 0-1

[Event "Mittelfränkischer Schachkongress 2016"]
[Site "Nürnberg"]
[Date "2016.03.22"]
[Round "1.12"]
[White "Erlbeck, Peter"]
[Black "Junk, Philipp"]
[Result "1-0"]
[WhiteElo "2056"]
[BlackElo "1781"]
[PlyCount "61"]
[EventDate "2016.??.??"]
[WhiteTeam "SW Nürnberg Süd"]
[BlackTeam "SC  JÄKLECHEMIE"]

1. e4 c5 2. Nc3 Nc6 3. f4 g6 4. Nf3 Bg7 5. Bc4 e6 6. f5 Nge7 7. fxe6 fxe6 8. d3
O-O 9. O-O a6 10. Qe1 d5 11. Bb3 b5 12. a3 c4 13. Ba2 a5 14. Bg5 b4 15. exd5
exd5 16. Nxd5 b3 17. Nxe7+ Nxe7 18. cxb3 Qb6+ 19. Be3 Qb7 20. bxc4 Qxb2 21. d4
Nf5 22. c5+ Kh8 23. Rf2 Qb5 24. Ne5 Bxe5 25. dxe5 Re8 26. e6 Bxe6 27. Bxe6 Rxe6
28. Rxf5 Rxe3 29. Qxe3 gxf5 30. Qe5+ Kg8 31. Qd5+ 1-0

[Event "Mittelfränkischer Schachkongress 2016"]
[Site "Nürnberg"]
[Date "2016.03.22"]
[Round "1.13"]
[White "Cordts, Elof"]
[Black "Sattler, Stefan"]
[Result "0-1"]
[WhiteElo "1749"]
[BlackElo "2087"]
[PlyCount "26"]
[EventDate "2016.??.??"]
[WhiteTeam "SC Erlangen"]
[BlackTeam "SK Herzogenaurach"]

1. e4 e6 2. d4 d5 3. Nc3 Nf6 4. Bd3 c5 5. Bg5 cxd4 6. Bb5+ Bd7 7. Qxd4 Bxb5 8.
Nxb5 Qa5+ 9. Nc3 Nxe4 10. Be3 Nc6 11. Qa4 Qxa4 12. Nxa4 d4 13. f3 Nf6 0-1

[Event "Mittelfränkischer Schachkongress 2016"]
[Site "Nürnberg"]
[Date "2016.03.22"]
[Round "1.14"]
[White "Süß, Stefan"]
[Black "Gajewski, Richard"]
[Result "1-0"]
[WhiteElo "2023"]
[BlackElo "1748"]
[PlyCount "51"]
[EventDate "2016.??.??"]
[WhiteTeam "SC Noris-Tarrasch Nürnberg"]
[BlackTeam "Wolframs-Eschenbach"]

1. Nf3 d5 2. g3 c6 3. Bg2 Bf5 4. O-O Nd7 5. b3 e5 6. Bb2 Bd6 7. d3 Bc7 8. Nbd2
Ne7 9. e3 Bg4 10. h3 Bf5 11. Qe2 Bg6 12. Nh4 Nf5 13. Nxg6 hxg6 14. e4 Ne7 15.
exd5 cxd5 16. c4 dxc4 17. Nxc4 f6 18. d4 b5 19. dxe5 bxc4 20. exf6 Nxf6 21.
Rad1 Qb8 22. Ba3 O-O 23. Bxe7 Re8 24. Qxc4+ Kh7 25. Bxf6 gxf6 26. Rd7+ 1-0

[Event "Mittelfränkischer Schachkongress 2016"]
[Site "Nürnberg"]
[Date "2016.03.22"]
[Round "2.1"]
[White "Miller, Eduard"]
[Black "Bildt, Maximilian"]
[Result "1-0"]
[WhiteElo "2259"]
[BlackElo "1997"]
[PlyCount "109"]
[EventDate "2016.??.??"]
[WhiteTeam "SC Erlangen"]
[BlackTeam "SK Zirndorf"]

1. Nf3 Nf6 2. c4 g6 3. e3 Bg7 4. Be2 c5 5. O-O O-O 6. b3 Nc6 7. Bb2 d6 8. h3 e5
9. Nc3 Re8 10. d3 d5 11. cxd5 Nxd5 12. Rc1 b6 13. Qc2 Bb7 14. Qb1 Nxc3 15. Bxc3
Qe7 16. Rfe1 Red8 17. a3 a5 18. Nd2 Rd7 19. Nc4 Qd8 20. Bf1 Ba6 21. Qa1 f6 22.
Bb2 b5 23. Nd2 Qb6 24. Ne4 Rd5 25. b4 axb4 26. Qa2 Ne7 27. axb4 cxb4 28. Nxf6+
Qxf6 29. e4 Bb7 30. Qb3 Rf8 31. Rc2 Qd6 32. d4 exd4 33. Bxb5 Kh8 34. exd5 Nxd5
35. Bf1 Nc3 36. Qe6 Qxe6 37. Rxe6 Bd5 38. Rd6 Bb3 39. Rc1 Bg8 40. Bd3 Rb8 41.
Kf1 Be5 42. Rd7 Ra8 43. Ra1 Rxa1+ 44. Bxa1 b3 45. f4 Bf6 46. g4 Nd5 47. g5 Bg7
48. Rd8 h6 49. Rxg8+ Kxg8 50. Bc4 hxg5 51. Bxd5+ Kf8 52. fxg5 Be5 53. Bxb3 Bf4
54. h4 d3 55. Kf2 1-0

[Event "Mittelfränkischer Schachkongress 2016"]
[Site "Nürnberg"]
[Date "2016.03.22"]
[Round "2.2"]
[White "Wittmann, Helmut"]
[Black "Reis, Gerhard"]
[Result "1/2-1/2"]
[WhiteElo "2079"]
[BlackElo "2220"]
[PlyCount "61"]
[EventDate "2016.??.??"]
[WhiteTeam "BSG Wöhrlhaus"]
[BlackTeam "SW Nürnberg Süd"]

1. d4 Nf6 2. Nf3 g6 3. Bg5 Bg7 4. Nbd2 c5 5. dxc5 Qa5 6. c3 Qxc5 7. Bxf6 Bxf6
8. Ne4 Qb6 9. Nxf6+ Qxf6 10. e4 Nc6 11. Bb5 O-O 12. Qd2 d6 13. O-O Bd7 14. Rfe1
Rfd8 15. Qh6 Qg7 16. Qh4 Ne5 17. Nxe5 Qxe5 18. Bc4 Bc6 19. Re3 e6 20. Bb3 Rd7
21. Rae1 Kg7 22. f4 Qf6 23. Qg3 Re8 24. Rf1 d5 25. f5 exf5 26. exf5 Rxe3 27.
Qxe3 d4 28. cxd4 Qxd4 29. Qxd4+ Rxd4 30. fxg6 fxg6 31. Rd1 1/2-1/2

[Event "Mittelfränkischer Schachkongress 2016"]
[Site "Nürnberg"]
[Date "2016.03.22"]
[Round "2.3"]
[White "Walter, Florian"]
[Black "Erlbeck, Peter"]
[Result "0-1"]
[WhiteElo "2160"]
[BlackElo "2056"]
[PlyCount "114"]
[EventDate "2016.??.??"]
[WhiteTeam "SC Noris-Tarrasch Nürnberg"]
[BlackTeam "SW Nürnberg Süd"]

1. c4 e5 2. g3 Nc6 3. Bg2 f5 4. Nc3 Nf6 5. d3 Bc5 6. e3 d6 7. Nge2 O-O 8. O-O
Qe8 9. d4 Bb6 10. b3 Qh5 11. Bb2 f4 12. gxf4 exd4 13. exd4 Ng4 14. h3 Nf6 15.
f5 Bxf5 16. Ng3 Qxd1 17. Raxd1 Bg6 18. Nce2 Rae8 19. Nf4 Bf7 20. Bc3 a5 21. Rd2
g5 22. Nfe2 Bg6 23. f4 g4 24. h4 Ne4 25. Nxe4 Bxe4 26. Ng3 Bxg2 27. Kxg2 Re3
28. Bb2 Nb4 29. Re2 Rxe2+ 30. Nxe2 Re8 31. Ng3 Nc2 32. Nf5 h5 33. Bc3 Ne3+ 34.
Nxe3 Rxe3 35. c5 dxc5 36. dxc5 Bxc5 37. Bxa5 b6 38. Be1 Re2+ 39. Kg3 Rxa2 40.
Bc3 Re2 41. Be5 Re3+ 42. Kg2 c6 43. Rd1 Be7 44. Rd7 Bxh4 45. Rd6 Rg3+ 46. Kf1
Rxb3 47. Rxc6 Kh7 48. Kg2 b5 49. f5 Rf3 50. f6 Kg6 51. Rb6 Bxf6 52. Bxf6 Rxf6
53. Rxb5 Rf5 54. Rb3 Kg5 55. Kg3 h4+ 56. Kg2 Ra5 57. Rb2 h3+ 0-1

[Event "Mittelfränkischer Schachkongress 2016"]
[Site "Nürnberg"]
[Date "2016.03.22"]
[Round "2.4"]
[White "Sattler, Stefan"]
[Black "Wagner, Florian"]
[Result "0-1"]
[WhiteElo "2087"]
[BlackElo "2137"]
[PlyCount "78"]
[EventDate "2016.??.??"]
[WhiteTeam "SK Herzogenaurach"]
[BlackTeam "SC Noris-Tarrasch Nürnberg"]

1. e4 c5 2. Nf3 Nc6 3. Nc3 d6 4. d4 cxd4 5. Nxd4 e6 6. Be2 Be7 7. Be3 Bd7 8.
O-O a6 9. f4 Rc8 10. Nb3 Nf6 11. Kh1 b5 12. a3 O-O 13. Qd2 Qc7 14. Bf3 Rfd8 15.
Qf2 Rb8 16. g4 Be8 17. g5 Nd7 18. h4 Nb6 19. Bc1 b4 20. Ne2 bxa3 21. bxa3 d5
22. e5 Na4 23. Bd2 d4 24. Nec1 Nc3 25. Nd3 Na5 26. Nxa5 Qxa5 27. h5 Qa4 28. Bc1
Bc6 29. Qg2 Bxf3 30. Rxf3 Nd5 31. g6 fxg6 32. hxg6 h6 33. f5 exf5 34. Rxf5 Rbc8
35. Bxh6 gxh6 36. Qh3 Bf8 37. g7 Bxg7 38. Rg1 Qc6 39. e6 Nf4+ 0-1

[Event "Mittelfränkischer Schachkongress 2016"]
[Site "Nürnberg"]
[Date "2016.03.22"]
[Round "2.5"]
[White "Hirn, Oskar"]
[Black "Böhme, Sebastian"]
[Result "1-0"]
[WhiteElo "2209"]
[BlackElo "1766"]
[PlyCount "79"]
[EventDate "2016.??.??"]
[WhiteTeam "SC Noris-Tarrasch Nürnberg"]
[BlackTeam "SC Uttenreuth"]

1. d4 e6 2. c4 f5 3. g3 Nf6 4. Bg2 c6 5. Nh3 d5 6. O-O Bd6 7. Bf4 O-O 8. Nd2 b6
9. Rc1 Bb7 10. Nf3 Qe7 11. Ne5 Nbd7 12. cxd5 cxd5 13. Nc6 Bxc6 14. Rxc6 Ne8 15.
Qb3 Nb8 16. Rxd6 Nxd6 17. Bxd5 Nd7 18. Bxa8 Rxa8 19. Qa3 Nc8 20. Rc1 Qxa3 21.
bxa3 h6 22. Rc7 Nf6 23. Be5 Ne8 24. Rd7 g5 25. a4 a6 26. f3 b5 27. a5 Na7 28.
Re7 Nc6 29. Rxe6 Nxe5 30. dxe5 Kh7 31. Nf2 Ng7 32. Rc6 Re8 33. Nd3 Re6 34. Rb6
Kg8 35. f4 Kf7 36. Nc5 Re8 37. Rxa6 gxf4 38. gxf4 Nh5 39. Nd3 Rc8 40. Rxh6 1-0

[Event "Mittelfränkischer Schachkongress 2016"]
[Site "Nürnberg"]
[Date "2016.03.22"]
[Round "2.6"]
[White "Walter, Thomas"]
[Black "Süß, Stefan"]
[Result "1-0"]
[WhiteElo "2122"]
[BlackElo "2023"]
[PlyCount "99"]
[EventDate "2016.??.??"]
[WhiteTeam "SC Erlangen"]
[BlackTeam "SC Noris-Tarrasch Nürnberg"]

1. e4 e6 2. d4 d5 3. Nc3 Nf6 4. Bd3 c5 5. exd5 Nxd5 6. Nf3 Nc6 7. Nxd5 Qxd5 8.
dxc5 Bxc5 9. O-O O-O 10. Bf4 Rd8 11. Qe2 Nd4 12. Nxd4 Bxd4 13. Rfd1 Qa5 14. c3
Bf6 15. Rd2 e5 16. Re1 Be6 17. Bxe5 Bxe5 18. Qxe5 Qxe5 19. Rxe5 Kf8 20. b3 Rd6
21. Kf1 Rad8 22. Ke2 f6 23. Re4 Bf7 24. Ke3 Rc8 25. Bc4 Rdc6 26. Bxf7 Rxc3+ 27.
Ke2 Kxf7 28. Rd7+ Kg6 29. Rg4+ Kf5 30. Rgxg7 Rc2+ 31. Ke3 Re8+ 32. Kd3 Rxf2 33.
Rxb7 Rxa2 34. Rxa7 Rd8+ 35. Rgd7 Rxd7+ 36. Rxd7 Rxg2 37. Rxh7 Ke5 38. Re7+ Kd6
39. Re2 Rg1 40. Rb2 f5 41. Ke3 Ke5 42. b4 f4+ 43. Kf3 Rc1 44. b5 Rc7 45. b6 Rb7
46. h4 Kd6 47. h5 Kd7 48. Kxf4 Kc8 49. Rc2+ Kb8 50. Rc6 1-0

[Event "Mittelfränkischer Schachkongress 2016"]
[Site "Nürnberg"]
[Date "2016.03.22"]
[Round "2.7"]
[White "Böhme, Markus"]
[Black "Seibold, Hubert"]
[Result "1/2-1/2"]
[WhiteElo "1937"]
[BlackElo "2165"]
[PlyCount "105"]
[EventDate "2016.??.??"]
[WhiteTeam "SC Uttenreuth"]
[BlackTeam "SK Zirndorf"]

1. d4 d5 2. c4 c6 3. Nf3 Nf6 4. Nc3 dxc4 5. a4 Bf5 6. Ne5 Nbd7 7. Nxc4 Qc7 8.
g3 e5 9. dxe5 Nxe5 10. Bf4 Nfd7 11. Bg2 f6 12. O-O Rd8 13. Qc1 Be6 14. Nxe5
Nxe5 15. Qe3 Qb6 16. Qxb6 axb6 17. a5 bxa5 18. Bxe5 fxe5 19. Rxa5 Bd6 20. Ra7
Bc8 21. Rd1 O-O 22. Ne4 Bc5 23. Rxd8 Rxd8 24. Ra8 Be7 25. Nd6 Bxd6 26. Bh3 Bxh3
27. Rxd8+ Bf8 28. Re8 Kf7 29. Rxe5 Be6 30. Ra5 b5 31. Kg2 Bd7 32. Kf3 Ke6 33.
Ke4 g6 34. f4 Bg7 35. b3 Kd6 36. Kd3 h5 37. Ra7 Bf8 38. Ra8 Ke7 39. e4 Be6 40.
b4 Kf7 41. Ra7+ Kf6 42. Rc7 Bxb4 43. e5+ Kf5 44. Rxc6 Be7 45. h3 Bd5 46. Rb6 b4
47. Kd4 Ba2 48. Rb7 Ke6 49. g4 hxg4 50. hxg4 b3 51. f5+ gxf5 52. gxf5+ Kxf5 53.
Rxe7 1/2-1/2

[Event "Mittelfränkischer Schachkongress 2016"]
[Site "Nürnberg"]
[Date "2016.03.22"]
[Round "2.8"]
[White "Fuchs, Gerhard"]
[Black "Vogiatzis, Dimitrios"]
[Result "1-0"]
[WhiteElo "1997"]
[BlackElo "2080"]
[PlyCount "63"]
[EventDate "2016.??.??"]
[WhiteTeam "SK Nürnberg"]
[BlackTeam "SC Noris-Tarrasch Nürnberg"]

1. d4 d5 2. Bf4 e6 3. e3 f5 4. Nf3 Nf6 5. Nbd2 Be7 6. Ne5 O-O 7. Bd3 Nbd7 8.
Qe2 Nxe5 9. dxe5 Ne4 10. O-O-O Nc5 11. f3 Nxd3+ 12. Qxd3 Bd7 13. c4 c6 14. g4
Be8 15. Rdg1 Bg6 16. g5 b5 17. cxb5 cxb5 18. Kb1 a6 19. h4 Bh5 20. Rc1 Bb4 21.
Rhf1 Rc8 22. Nb3 Rc4 23. Nd4 Qb6 24. Rc2 Bc5 25. Ne2 Rc8 26. Rd2 Bf8 27. Rdd1
b4 28. Ng3 Be8 29. Qd2 b3 30. axb3 Qxb3 31. Rc1 Rc2 32. Rxc2 1-0

[Event "Mittelfränkischer Schachkongress 2016"]
[Site "Nürnberg"]
[Date "2016.03.22"]
[Round "2.9"]
[White "Rausch, Wolfgang sr"]
[Black "Heimrath, Reiner"]
[Result "0-1"]
[WhiteElo "1862"]
[BlackElo "2156"]
[PlyCount "72"]
[EventDate "2016.??.??"]
[WhiteTeam "SW Nürnberg Süd"]
[BlackTeam "SC Noris-Tarrasch Nürnberg"]

1. c4 e5 2. Nc3 d6 3. Nf3 Nd7 4. d4 Ngf6 5. e4 Be7 6. Be2 O-O 7. O-O exd4 8.
Nxd4 Nc5 9. f3 a5 10. Be3 Re8 11. Qd2 c6 12. Rfe1 Bf8 13. Nc2 Be6 14. Bxc5 dxc5
15. Rad1 Nd7 16. b3 g6 17. Na4 Qb8 18. Ne3 Bh6 19. Qd3 Qe5 20. Nf1 f5 21. Ng3
Bf4 22. Nf1 fxe4 23. fxe4 Qg5 24. Kh1 Ne5 25. Qc3 Ng4 26. Bxg4 Bxg4 27. Rd3
Rad8 28. Rxd8 Rxd8 29. Qxa5 Rf8 30. Qxc5 Qh4 31. g3 Qh3 32. Kg1 Bf3 33. Qf2 Be5
34. Qd2 Bxe4 35. Ne3 Bxg3 36. Re2 Bf4 0-1

[Event "Mittelfränkischer Schachkongress 2016"]
[Site "Nürnberg"]
[Date "2016.03.22"]
[Round "2.10"]
[White "Schlötterer, Hermann"]
[Black "Tong, Kevin"]
[Result "0-1"]
[WhiteElo "1861"]
[BlackElo "2007"]
[PlyCount "62"]
[EventDate "2016.??.??"]
[WhiteTeam "Zabo-Eintracht Nürnberg"]
[BlackTeam "SC Erlangen"]

1. d4 d5 2. g3 Nf6 3. Bg2 c6 4. Nf3 Bg4 5. O-O e6 6. Ne5 Bf5 7. c4 Nbd7 8. Nc3
Be7 9. Qb3 Qb6 10. Nxd7 Nxd7 11. cxd5 Qxb3 12. axb3 exd5 13. e4 dxe4 14. Re1
Nf6 15. Nxe4 Nxe4 16. Bxe4 Be6 17. Bc2 O-O 18. Bd2 Bf6 19. Ra4 Rfd8 20. Be3 a6
21. Rd1 Rd7 22. f4 Re8 23. Kf2 Bg4 24. Rd2 Rde7 25. h3 Bxh3 26. Re2 Bg4 27. Re1
h5 28. f5 b5 29. Rxa6 Rxe3 30. Rxe3 Bxd4 31. Rxc6 Rxe3 0-1

[Event "Mittelfränkischer Schachkongress 2016"]
[Site "Nürnberg"]
[Date "2016.03.22"]
[Round "2.11"]
[White "Link, Andreas"]
[Black "Balhar, Michael"]
[Result "1-0"]
[WhiteElo "1972"]
[BlackElo "1795"]
[PlyCount "105"]
[EventDate "2016.??.??"]
[WhiteTeam "Zabo-Eintracht Nürnberg"]
[BlackTeam "SC Erlangen"]

1. e4 e5 2. Nf3 Nc6 3. Bb5 a6 4. Ba4 Nf6 5. O-O d6 6. Qe2 b5 7. Bb3 Be7 8. c3
O-O 9. h3 Nb8 10. a4 Bb7 11. d3 c5 12. Rd1 Nbd7 13. Nbd2 Re8 14. Nf1 Bf8 15.
Ng3 d5 16. Bg5 Qc7 17. Nh4 h6 18. Bd2 c4 19. dxc4 dxc4 20. Bc2 g6 21. axb5 axb5
22. b4 Rxa1 23. Rxa1 Ra8 24. Rxa8 Bxa8 25. Be3 Qd6 26. Qf1 Bg7 27. Qa1 Qb8 28.
Qa5 Bc6 29. f3 Ne8 30. Ne2 Kh7 31. g4 Bf6 32. Ng2 Bd8 33. Qa1 Bb6 34. Kh2 Bxe3
35. Nxe3 Qb6 36. Qc1 Bb7 37. Kg2 Qe6 38. Ng3 Nef6 39. Qd2 Ne8 40. h4 Qd6 41.
Qxd6 Nxd6 42. Ne2 f5 43. exf5 e4 44. fxg6+ Kxg6 45. f4 Nf6 46. f5+ Kg7 47. Kg3
h5 48. g5 Nd7 49. Kf4 Nb6 50. Ng3 Na4 51. Nxh5+ Kf7 52. g6+ Kg8 53. Nd1 1-0

[Event "Mittelfränkischer Schachkongress 2016"]
[Site "Nürnberg"]
[Date "2016.03.22"]
[Round "2.12"]
[White "Junk, Philipp"]
[Black "Brenner, Christian"]
[Result "0-1"]
[WhiteElo "1781"]
[BlackElo "2037"]
[PlyCount "80"]
[EventDate "2016.??.??"]
[WhiteTeam "SC  JÄKLECHEMIE"]
[BlackTeam "Zabo-Eintracht Nürnberg"]

1. e4 e5 2. Nf3 Nc6 3. Bc4 Nf6 4. d3 Bc5 5. O-O d6 6. c3 O-O 7. h3 h6 8. Re1
Bb6 9. Bb3 Be6 10. Nbd2 Bxb3 11. Qxb3 Ne7 12. Nf1 Ng6 13. Ng3 Kh7 14. d4 c6 15.
Be3 Qc7 16. Qc2 Rae8 17. Rad1 Qb8 18. Qc1 exd4 19. Bxd4 Bxd4 20. cxd4 Qc7 21.
h4 Qa5 22. b4 Qxb4 23. h5 Ne7 24. Qc2 Kg8 25. e5 dxe5 26. dxe5 Nfd5 27. Re4 Qc3
28. Qb1 Qa5 29. Rde1 Nc3 30. Qc1 Nxe4 31. Rxe4 Qxa2 32. Nd4 f5 33. exf6 Rxf6
34. Ngf5 Qf7 35. Qc5 Nxf5 36. Rxe8+ Qxe8 37. Nxf5 Re6 38. Qc4 Kh8 39. Nh4 Re1+
40. Kh2 Qxh5 0-1